Hábitat para la emergencia social y ambiental : (Registro nro. 242211)

Detalles MARC
000 -LEADER
fixed length control field 02126nam a2200493 i 4500
001 - CONTROL NUMBER
control field DIGNOBUK428
003 - CONTROL NUMBER IDENTIFIER
control field NyNyDIG
008 - FIXED-LENGTH DATA ELEMENTS--GENERAL INFORMATION
fixed length control field 200713s2009 ag ae ob 100 0 spa d
006 - FIXED-LENGTH DATA ELEMENTS--ADDITIONAL MATERIAL CHARACTERISTICS
fixed length control field m o d
007 - PHYSICAL DESCRIPTION FIXED FIELD--GENERAL INFORMATION
fixed length control field cr |||||||||||
035 ## - SYSTEM CONTROL NUMBER
System control number (OCoLC)849487016
040 ## - CATALOGING SOURCE
Original cataloging agency DGITA
Language of cataloging eng
Description conventions rda
-- pn
Transcribing agency DGITA
020 ## - INTERNATIONAL STANDARD BOOK NUMBER
International Standard Book Number 9789873410222
Qualifying information eBook
020 ## - INTERNATIONAL STANDARD BOOK NUMBER
International Standard Book Number 9873410228
Qualifying information eBook
020 ## - INTERNATIONAL STANDARD BOOK NUMBER
Canceled/invalid ISBN 9789875842083
020 ## - INTERNATIONAL STANDARD BOOK NUMBER
Canceled/invalid ISBN 9875842087
043 ## - GEOGRAPHIC AREA CODE
Geographic area code s-ag---
050 14 - LIBRARY OF CONGRESS CALL NUMBER
Classification number HD7287.96.A72 ebook
082 04 - DEWEY DECIMAL CLASSIFICATION NUMBER
Classification number 363.5098224
245 00 - TITLE STATEMENT
Title Hábitat para la emergencia social y ambiental :
Remainder of title barrio Santa Rosa de Lima, Ciudad de Santa Fe, República Argentina /
Statement of responsibility, etc. [compilado por Jorge Sarquis]
264 #1 - PRODUCTION, PUBLICATION, DISTRIBUTION, MANUFACTURE, AND COPYRIGHT NOTICE
Place of production, publication, distribution, manufacture [Buenos Aires] :
Name of producer, publisher, distributor, manufacturer Poiesis, Centro de Investigaciones Interdisciplinarias sobre Creatividad en Arquitectura, SI, FADU, UBA :
-- Nobuko,
Date of production, publication, distribution, manufacture, or copyright notice [2009]
300 ## - PHYSICAL DESCRIPTION
Extent 1 online resource :
Other physical details illustrations, plans.
336 ## - CONTENT TYPE
Content type term text
Content type code txt
Source rdacontent
337 ## - MEDIA TYPE
Media type term computer
Media type code c
Source rdamedia
338 ## - CARRIER TYPE
Carrier type term online resource
Carrier type code cr
Source rdacarrier
347 ## - DIGITAL FILE CHARACTERISTICS
File type text file
Source rdaft
347 ## - DIGITAL FILE CHARACTERISTICS
Encoding format PDF
490 1# - SERIES STATEMENT
Series statement Serie Hábitat para la Emergencia Social y Ambiental
504 ## - BIBLIOGRAPHY, ETC. NOTE
Bibliography, etc. note Includes bibliographical references.
588 0# - SOURCE OF DESCRIPTION NOTE
Source of description note Online resource; title from PDF title page (Digitalia, viewed July 13, 2020)
651 #0 - SUBJECT ADDED ENTRY--GEOGRAPHIC NAME
Geographic name Santa Rosa de Lima (Santa Fe, Argentina)
650 #0 - SUBJECT ADDED ENTRY--TOPICAL TERM
Topical term or geographic name entry element Low-income housing
Geographic subdivision Argentina
-- Santa Fe.
650 #0 - SUBJECT ADDED ENTRY--TOPICAL TERM
Topical term or geographic name entry element Working class
General subdivision Dwellings
Geographic subdivision Argentina
-- Santa Fe.
655 #0 - INDEX TERM--GENRE/FORM
Genre/form data or focus term Electronic books.
700 1# - ADDED ENTRY--PERSONAL NAME
Personal name Sarquis, Jorge,
Relator term editor.
710 2# - ADDED ENTRY--CORPORATE NAME
Corporate name or jurisdiction name as entry element Universidad de Buenos Aires.
Subordinate unit Centro de Investigaciones Interdisciplinarias sobre Creatividad en Arquitectura.
791 2# -
-- Digitalia (Firm),
-- distributor.
793 0# -
-- Digitalia eBook Collection:
-- Editorial Nobuko
776 08 - ADDITIONAL PHYSICAL FORM ENTRY
Relationship information Print version:
Title Hábitat para la emergencia social y ambiental.
Place, publisher, and date of publication Buenos Aires : Nobuko, ©2009
International Standard Book Number 9789875842083
Record control number (OCoLC)645091989
830 #0 - SERIES ADDED ENTRY--UNIFORM TITLE
Uniform title Serie Hábitat para la Emergencia Social y Ambiental.
856 40 - ELECTRONIC LOCATION AND ACCESS
Materials specified Digitalia Hispánica
Uniform Resource Identifier <a href="https://www.digitaliapublishing.com/a/34066/">https://www.digitaliapublishing.com/a/34066/</a>
910 ## - USER-OPTION DATA (OCLC)
User-option data Premium Collection: 2020
942 ## - ADDED ENTRY ELEMENTS (KOHA)
Koha item type Recurso Electrónico
Existencias
Withdrawn status Lost status Damaged status Not for loan Collection Home library Current library Date acquired Total checkouts Date last seen Price effective from Koha item type
        Digitalia Ebooks Hispanica Biblioteca Digital UIN Biblioteca Digital UIN 04/25/2025   04/25/2025 04/25/2025 Recurso Electrónico

CONTACTO


NOSOTROS


SITIOS DE INTERES

coordinacion.biblioteca.biblioteca@unienlinea.mx Misión, Visión y Objetivos Bases de datos
Directorio Bibliotecas Digitales y Repositorios
Normatividad Revistas y artículos
Convenios interbibliotecarios
Boletines



Hecho en México. Universidad Insurgentes (UIN). Todos los derechos reservados 2024. Esta página y sus contenidos pueden ser reproducidos con fines no lucrativos, siempre y cuando no se mutile, se cite la fuente completa y su dirección electrónicas. De otra forma requiere permiso previo por escrito de la institución




2024 Copyright Universidad Insurgentes | www.bibliouin.com.mx